000
00223nam a22000977a 4500
082
_a
356.183 ROM'I
100
_a
ROMMAL, ERWIN
_9
77734
245
_a
INFANTRY ATTACKS
260
_a
VERLAG
_b
POTSDAMN LUDWING
_c
1943
942
_c
BK
999
_c
582948
_d
582948